Význam výskumu účastníkov trhu pre konkrétny podnik bakalárska práca

Salvato in:
Dettagli Bibliografici
Autore principale: Iván, Ondrej
Ente Autore: Podnikovohospodárska fakulta EU so sídlom v Košiciach. Katedra obchodného podnikania
Altri autori: Gajdoš, Jozef, 1962-2025
Natura: Libro
Lingua:slovacco
Pubblicazione: Košice 2017
Tags: Aggiungi Tag
Nessun Tag, puoi essere il primo ad aggiungerne!!

MARC

LEADER 00000nbm a2200000 4500
001 0235306
005 20171113110923.5
041 0 |a slo 
044 |a SK 
245 1 0 |a Význam výskumu účastníkov trhu pre konkrétny podnik  |b bakalárska práca  |c Ondrej Iván ; školiteľ: Jozef Gajdoš 
264 1 |a Košice  |c 2017 
300 |a 56 s. 
100 1 |a Iván, Ondrej 
700 1 |a Gajdoš, Jozef, 1962-2025 
710 2 |a Podnikovohospodárska fakulta EU so sídlom v Košiciach. Katedra obchodného podnikania